Llibre d'estil de COMRàdio : manual de llengua de les emissores municipals / Rudolf Ortega i Gemma Brunat manual de llengua de les emissores municipals / Rudolf Ortega i Gemma Brunat
ISBN:
978-84-9803-335-9
Descripción Física:
103 p. ; 24 cm
MARC
| LEADER | 00000nam a2200000Ia 4500 | ||
|---|---|---|---|
| 001 | 21805 | ||
| 008 | 160829s2009 xx 000 0 cat d | ||
| 020 | |a 978-84-9803-335-9 | ||
| 080 | |a L-2-107 | ||
| 100 | |a Ortega, Rudolf |9 45886 | ||
| 245 | |a Llibre d'estil de COMRàdio : |b manual de llengua de les emissores municipals / Rudolf Ortega i Gemma Brunat | ||
| 260 | |a Barcelona : |b Diputació de Barcelona, |c 2009 | ||
| 300 | |a 103 p. ; |c 24 cm | ||
| 650 | |a COMRàdio |x Normes |9 45887 | ||
| 650 | |a Periodisme |x Manuals d'estil |9 45888 | ||
| 650 | |a Català |x Estil |9 45889 | ||
| 700 | |a COMRàdio |9 23217 | ||
| 700 | |a Brunat, Gemma |9 45890 | ||
| 710 | 1 | |a Barcelona (Catalunya : Província). |b Diputació |9 52408 | |
| 901 | |a Arxiu | ||
| 942 | |n 1 | ||
| 952 | |0 0 |1 0 |4 0 |6 L2107 |7 1 |9 52856 |a Arxiu |b Arxiu |d 2016-12-01 |l 0 |o L-2-107 |p 21805 |r 2016-12-01 00:00:00 |w 2016-12-01 |y ARXIU | ||
| 999 | |c 56705 |d 56705 | ||